000 01250cam a2200289 4500
001 ABS63060
008 000000n2000 000 0 eng u
035 _a(Sirsi) u108897
100 _aWatts, D.
245 _aBumpy road to utopia
260 _c2000
490 _aEstates Gazette
_v(0040) 7 October 2000, 172(1)
520 _aPPG3 guidance aims to put 60% of new housing on brownfield land by 2008. Among the measures included in the guidance to promote sustainable development are: concentrating the majority of additional housing within urban locations; using land more efficiently through maximising the re-use of sites and the conversion of existing buildings; adopting a sequential approach to the allocation of land and managing the release of that land. Suggests that some of the proposals are not practical.
590 _aABS
650 _aPPG3
650 _aPLANNING POLICY
650 _aBROWNFIELD DEVELOPMENT
650 _aURBAN REGENERATION
650 _aREGIONAL PLANNING GUIDANCE
650 _aUNITARY DEVELOPMENT PLANS
650 _aHOUSE BUILDING
650 _aNEW HOMES
650 _aRESIDENTIAL DEVELOPMENT
650 _aSUSTAINABLE DEVELOPMENT
690 _aPlanning and development
_96259
942 _n0
999 _c65013
_d65013